| 000 | 00988nam a2200229Ia 4500 | ||
|---|---|---|---|
| 003 | Ost | ||
| 005 | 20260507075212.0 | ||
| 008 | 260507s9999||||xx |||||||||||||| ||und|| | ||
| 020 | _a4083169957 | ||
| 040 | _cfsecg | ||
| 041 | _aara | ||
| 082 | _a330 | ||
| 100 |
_aأبو شنب، أحمد عبد الكريم _eمؤلف |
||
| 245 | 0 |
_aشرح قانون العمل وفقا لأحداث التعديلات / _c أحمد عبد الكريم أبو شنب |
|
| 260 |
_aعمان: _bدار الثقافة, _c2009 |
||
| 300 |
_a372 صفحة؛ _c24 سم |
||
| 504 | _aمراجع ص.365 | ||
| 520 | _aالنظرية العامة لقانون العمل ، انعقادعقد العمل ، آثار عقد العمل الفردي ، انتهاء عقد العمل الفردي ، أحكام عقد العمل الجماعي ، النزاعات العمالية الجماعية. | ||
| 653 | _aعقود العمل | ||
| 653 | _aقانون العمل و العمال | ||
| 942 | _cكتاب | ||
| 999 |
_c43474 _d43474 |
||